000 00761nam a22002177a 4500
003 UA-OsUOA
001 101423
007 ta
008 20130617b un ||||| |||| 00| 0 ukr d
100 _aГороденська К.
090 _a81
_bГ70
942 _cSA
040 _aUA-OsUOA
_bukr
_cUA-OsUOA
_dUA-OsUOA
245 _aНові явища та процеси в українському словотворенні: динаміка чи деструкція словотвірних форм?
300 _aС.3-13
955 _a0
041 _aukr
080 _a81
773 0 _w101422
_tУкраїнська мова
_dК.
_d2013
_g2
650 7 _a8 Мовознавство. Художня література. Літературознавство
_2UDC
999 _c388043
_d388043